000 00578 a2200181 4500
008 150224b xxu||||| |||| 00| 0 eng d
020 _a9966744878
050 _aKTT333
_b .C45 2010
100 _a Chipeta, B. D.
245 _a A magistrate's manual /
_c by B.D. Chipeta.
260 _c2010
_bLawAfrica Publishing Ltd.
_aNairobi:
300 _axxii,258p.
_c22cm.
440 _aLawAfrica
500 _aIncludes bibliographical references and indexes.
650 _aPolice magistrates
_z Tanzania.
650 _a Justices of the peace
_z Tanzania.
942 _cBK
_2lcc
999 _c44290
_d44290